| 000 | 00800nam a2200289 a 4500 | ||
|---|---|---|---|
| 003 | AR-BaBNM | ||
| 005 | 20251128203043.0 | ||
| 008 | 082120s2002 ||||||||||||||000 | spa|| | ||
| 020 | _a950-755-006-2 | ||
| 040 | _cAR-BaBNM | ||
| 100 | 1 | _aMedina, Ramón Enrique | |
| 245 | 0 | 0 |
_aEl juego en el aprendizaje constructivo _bla revalorización en la escuela |
| 260 |
_aBuenos Aires _bBraga _c1991 |
||
| 300 |
_a132 p. _bil. |
||
| 490 | 0 |
_aDidáctica operativa _vv. 19 |
|
| 504 | _aBibliografía en p. 131-132 | ||
| 650 | 4 | _aAPRENDIZAJE | |
| 650 | 4 | _aJUEGO | |
| 650 | 4 | _aAPRENDIZAJE | |
| 650 | 4 | _aPROCESO DEL PENSAMIENTO | |
| 653 | _aCONSTRUCTIVISMO | ||
| 653 | _aMETODOS EDUCATIVOS | ||
| 700 | 1 | _aVega, Mabel Carolina | |
| 800 | 1 | _aPérez Alvarez, Sergio | |
| 942 | _cBK | ||
| 998 | _cMarce | ||
| 999 |
_c1682 _d1682 |
||